| 000 | 00459nam a2200121Ia 4500 | ||
|---|---|---|---|
| 008 | 220620s9999||||xx |||||||||||||| ||und|| | ||
| 100 | _aStriano, Maura | ||
| 245 | 0 | _aChapter Higher Education and Work-Related Learning from Professionalism to Professionality | |
| 546 | _aEnglish[eng] | ||
| 650 | _aprofessionality||professional epistemology||work-related learning | ||
| 856 | _uhttps://library.oapen.org/bitstream/20.500.12657/55931/1/13822.pdf | ||
| 942 | _cEB | ||
| 999 |
_c33826 _d33826 |
||